000
00262nam a2200109Ia 4500
008
220204s9999 xx 000 0 und d
082
_a
651
_b
BAI
100
_a
Bailey, P
245
0
_a
Mastering office practice
260
_a
Hong Kong
_b
Mamillan
_c
1982
942
_c
BK
999
_c
37817
_d
37817